Statistiken für Bärenarten

Klicken Sie hier um das Quiz zu spielen!

Allgemein

  • Dieses Quiz wurde 1,503 mal gespielt
  • Das Durchschnittsergebnis liegt bei 5 aus 8

Antwortstatistiken

Habitat Bär % Korrekt
Nordamerika, Europa, AsienBraunbär (Grizzly)
99%
ArktisEisbär
98%
ChinaGroßer Panda
86%
SüdasienKragenbär
86%
NordamerikaAmerikanischer Schwarzbär
84%
SüdamerikaBrillenbär
39%
AsienLippenbär
16%
AsienMalaienbär
14%

Verteilung der Resultate

Perzentil nach korrekt beantworteten Fragen

Anzahl Personen mit jedem Resultat

Ihre Resultats-Entwicklung

Sie haben dieses Quiz noch nicht gespielt